Statistiques concernant Les artistes du métro parisien

Cliquez ici pour prendre le quiz!

Statistiques générales

  • Ce quiz a été pris 36 fois
  • Le résultat moyen est 7 sur 18

Statistiques - réponses

LigneRéponseIndice% Correct
2Victor HugoÉcrivain
93%
4BarbaraChanteuse
67%
5Bobigny - Pablo PicassoPeintre
63%
9VoltairePhilosophe
63%
10Avenue Émile-ZolaÉcrivain
59%
1 · 8Reuilly - DiderotPhilosophe
59%
2 · 12PigalleSculpteur
56%
2Alexandre DumasÉcrivain
41%
9 · 10Michel-Ange - Molitor / AuteuilSculpteur / Peintre
37%
7Villejuif - Louis AragonÉcrivain
33%
3Anatole FranceÉcrivain
26%
5Bobigny - Pantin - Raymond QueneauÉcrivain
26%
12Aimé CésaireÉcrivain
22%
7Villejuif - Paul Vaillant-CouturierÉcrivain
15%
12FalguièreSculpteur / Peintre
11%
9JasminPoète
7%
13Malakoff - Rue Étienne-DoletÉcrivain
4%
8Saint-Sébastien - FroissartChroniqueur
4%

Distribution des résultats

Percentile par nombre de réponses

% des personnes avec chaque résultat

Votre développement - résultats

Vous n’avez pas pris ce quiz